书目信息 |
| 题名: |
城市交通控制理论与方法
|
|
| 作者: | 王殿海 著 | |
| 分册: | ||
| 出版信息: | 北京 电子工业出版社 2017.03 |
|
| 页数: | 409页 | |
| 开本: | 26cm | |
| 丛书名: | 城市交通协同联动控制技术丛书 | |
| 单 册: | ||
| 中图分类: | U12 | |
| 科图分类: | ||
| 主题词: | 城市交通--交通控制--研究 | |
| 电子资源: | ||
| ISBN: | 978-7-121-30936-6 | |
| 000 | 00970oam2 2200253 450 | |
| 001 | 4733 | |
| 005 | 20181012175405.50 | |
| 010 | @a978-7-121-30936-6@dCNY79.00 | |
| 100 | @a20170427d2017 em y0chiy50 ea | |
| 101 | 0 | @achi |
| 102 | @aCN@b110000 | |
| 105 | @aa z 000yy | |
| 200 | 1 | @a城市交通控制理论与方法@9cheng shi jiao tong kong zhi li lun yu fang fa@f王殿海[等]著 |
| 210 | @a北京@c电子工业出版社@d2017.03 | |
| 215 | @a409页@c图@d26cm | |
| 225 | 2 | @a城市交通协同联动控制技术丛书 |
| 304 | @a著者还有:金盛、马东方、别一鸣、祁宏生 | |
| 330 | @a本书梳理了交通控制的系统架构,涵盖了交通控制的理念与策略、检测器布设优化、数据获取与处理、多维交通状态判别与划分、动态子区划分、未饱和信号控制、过饱和信号控制、公交优先信号控制、快速路匝道控制等内容。 | |
| 461 | 0 | @12001 @a城市交通协同联动控制技术丛书 |
| 606 | 0 | @a城市交通@x交通控制@x研究 |
| 690 | @aU12@v5 | |
| 701 | 0 | @a王殿海@9wang dian hai@4著 |
| 801 | 0 | @aCN@b91MARC@c20170427 |
| 905 | @aMuseLib@dU12@e760 | |
| 城市交通控制理论与方法/王殿海[等]著.-北京:电子工业出版社,2017.03 |
| 409页:图;26cm.-(城市交通协同联动控制技术丛书) |
| ISBN 978-7-121-30936-6:CNY79.00 |
| 本书梳理了交通控制的系统架构,涵盖了交通控制的理念与策略、检测器布设优化、数据获取与处理、多维交通状态判别与划分、动态子区划分、未饱和信号控制、过饱和信号控制、公交优先信号控制、快速路匝道控制等内容。 |
| ● |
| 相关链接 |
|
|
|
|
正题名:城市交通控制理论与方法
索取号:U12/760
 
预约/预借
| 序号 | 登录号 | 条形码 | 馆藏地/架位号 | 状态 | 备注 |
| 1 | 1126369 | 211263693 | 第二样本阅览室/ [索取号:U12/760] | 在馆 | |
| 2 | 1126370 | 211263700 | 密集书库-物理学院/ [索取号:U12/760] | 在馆 | |
| 3 | 1126371 | 211263719 | 第三借阅区/ [索取号:U12/760] | 在馆 | |
| 4 | 1126372 | 211263728 | 第三借阅区/ [索取号:U12/760] | 在馆 | |
| 5 | 1126373 | 211263737 | 第三借阅区/ [索取号:U12/760] | 在馆 |